<?xml version="1.0" encoding="UTF-8"?>
<collection xmlns="http://www.loc.gov/MARC21/slim">
 <record>
  <leader>01462nam a2200217Ia 4500</leader>
  <controlfield tag="001">CTU_156809</controlfield>
  <controlfield tag="008">210402s9999    xx            000 0 und d</controlfield>
  <datafield tag="020" ind1=" " ind2=" ">
   <subfield code="c">227</subfield>
  </datafield>
  <datafield tag="082" ind1=" " ind2=" ">
   <subfield code="a">550.285</subfield>
  </datafield>
  <datafield tag="082" ind1=" " ind2=" ">
   <subfield code="b">U84</subfield>
  </datafield>
  <datafield tag="245" ind1=" " ind2="0">
   <subfield code="a">Use of high performance computing in meteorology :</subfield>
  </datafield>
  <datafield tag="245" ind1=" " ind2="0">
   <subfield code="b">Proceedings of the Eleventh ECMWF Workshop on the Use of High Performance Computing in Meteorology : Reading, UK, 25-29 October 2004</subfield>
  </datafield>
  <datafield tag="245" ind1=" " ind2="0">
   <subfield code="c">editors, Walter Zwieflhofer, George Mozdzynski</subfield>
  </datafield>
  <datafield tag="260" ind1=" " ind2=" ">
   <subfield code="a">Singapore</subfield>
  </datafield>
  <datafield tag="260" ind1=" " ind2=" ">
   <subfield code="b">World Scientific</subfield>
  </datafield>
  <datafield tag="260" ind1=" " ind2=" ">
   <subfield code="c">2005</subfield>
  </datafield>
  <datafield tag="520" ind1=" " ind2=" ">
   <subfield code="a">Geosciences and, in particular, numerical weather prediction are demanding the highest levels of available computer power. The European Centre for Medium-Range Weather Forecasts, with its experience in using supercomputers in this field, organizes every other year a workshop bringing together manufacturers, computer scientists, researchers and operational users to share their experiences and to learn about the latest developments. This volume provides an excellent overview of the latest achievements and plans for the use of new parallel techniques in the fields of meteorology, climatology and oceanography.</subfield>
  </datafield>
  <datafield tag="650" ind1=" " ind2=" ">
   <subfield code="a">Meteorology,Atmospheric physics,Parallel processing (Electronic computers),Supercomputers</subfield>
  </datafield>
  <datafield tag="650" ind1=" " ind2=" ">
   <subfield code="x">Mathematical models,Data processing,Mathematical models,Data processing</subfield>
  </datafield>
  <datafield tag="904" ind1=" " ind2=" ">
   <subfield code="i">Bạch Trúc</subfield>
  </datafield>
  <datafield tag="980" ind1=" " ind2=" ">
   <subfield code="a">Trung tâm Học liệu Trường Đại học Cần Thơ</subfield>
  </datafield>
 </record>
</collection>
